Computers and information processing (Record no. 7024)

000 -LEADER
fixed length control field 00511nam a22001937a 4500
001 - CONTROL NUMBER
control field 7024
003 - CONTROL NUMBER IDENTIFIER
control field BD-DhUET
008 - FIXED-LENGTH DATA ELEMENTS--GENERAL INFORMATION
fixed length control field 141206b xxu||||| |||| 00| 0 eng d
020 ## - INTERNATIONAL STANDARD BOOK NUMBER
International Standard Book Number 007015564X
040 ## - CATALOGING SOURCE
Transcribing agency 0
Modifying agency BD-DhUET
082 ## - DEWEY DECIMAL CLASSIFICATION NUMBER
Classification number 001.6
Item number DAV/1978
100 ## - MAIN ENTRY--PERSONAL NAME
Personal name Davis, Gordon B
245 ## - TITLE STATEMENT
Title Computers and information processing
Statement of responsibility, etc. by Gordon B. Davis
250 ## - EDITION STATEMENT
Edition statement 1st ed.
260 ## - PUBLICATION, DISTRIBUTION, ETC. (IMPRINT)
Place of publication, distribution, etc. New York
Name of publisher, distributor, etc. McGraw-Hill Book
Date of publication, distribution, etc. 1978
300 ## - PHYSICAL DESCRIPTION
Extent viii, 417 p.
Other physical details ill.
650 #0 - SUBJECT ADDED ENTRY--TOPICAL TERM
Topical term or geographic name as entry element Electronic digital computers
942 ## - ADDED ENTRY ELEMENTS (KOHA)
Koha item type General Book
Holdings
Lost status Sublocation or collection (holding branch) Withdrawn status Koha item type Location (home branch) Koha full call number Copy number Koha date last seen Date acquired Source of classification or shelving scheme Shelving location Not for loan Koha normalized classification for sorting Damaged status Piece designation (barcode) Price effective from
 Central Library, BUET General BookCentral Library, BUET001.6/DAV/197812014-12-062014-12-06 Circulation section 001_600000000000000_DAV_1978 691362014-12-06
 Central Library, BUET General BookCentral Library, BUET001.6/DAV/197822014-12-062014-12-06 Circulation section 001_600000000000000_DAV_1978 691372014-12-06
 Central Library, BUET General BookCentral Library, BUET001.6/DAV/1978 2015-01-242015-01-24 Circulation section 001_600000000000000_DAV_1978 514622015-01-24